Quantity surveyor's pocket book (Record no. 79925)
[ view plain ]
| 000 -LEADER | |
|---|---|
| fixed length control field | 01212nam a2200241 a 4500 |
| 008 - FIXED-LENGTH DATA ELEMENTS--GENERAL INFORMATION | |
| fixed length control field | 120210s2009 ||||||||||||||||| || u |
| 020 ## - INTERNATIONAL STANDARD BOOK NUMBER | |
| International Standard Book Number | 9780750687461 |
| 050 ## - LIBRARY OF CONGRESS CALL NUMBER | |
| Classification number | TH 435 Car |
| 100 ## - MAIN ENTRY--PERSONAL NAME | |
| Personal name | Cartlidge, Duncan |
| 245 10 - TITLE STATEMENT | |
| Title | Quantity surveyor's pocket book |
| Statement of responsibility, etc. | by Duncan Cartlidge |
| 250 ## - EDITION STATEMENT | |
| Edition statement | 1st ed. |
| 260 ## - PUBLICATION, DISTRIBUTION, ETC. | |
| Place of publication, distribution, etc. | Oxford: |
| Name of publisher, distributor, etc. | Butterworth-Heinemann |
| Date of publication, distribution, etc. | 2009 |
| 260 ## - PUBLICATION, DISTRIBUTION, ETC. | |
| Place of publication, distribution, etc. | Oxford: |
| Name of publisher, distributor, etc. | Elsevier |
| Date of publication, distribution, etc. | 2009 |
| 300 ## - PHYSICAL DESCRIPTION | |
| Extent | xiii, 419p. : ill. |
| 350 ## - | |
| -- | 0.00 |
| 650 ## - SUBJECT ADDED ENTRY--TOPICAL TERM | |
| Topical term or geographic name entry element | CONSTRUCTION |
| 650 ## - SUBJECT ADDED ENTRY--TOPICAL TERM | |
| Topical term or geographic name entry element | QUANTITY SURVEYING--HANDBOOKS, MANUALS, ETC |
| 650 #0 - SUBJECT ADDED ENTRY--TOPICAL TERM | |
| Topical term or geographic name entry element | SURVEYING |
| 995 ## - | |
| -- | MAIN LIBRARY OPEN ACCESS |
| -- | 744520 |
| -- | CBU-MAIN LIBRARY (Kitwe) |
| -- | 0.00 |
| -- | TH 435 Car |
| -- | 4 |
| -- | AVAILABLE |
| -- | Oct 10, 2013 |
| -- | 744520 |
| -- | Main Library Open Access Collection |
| 995 ## - | |
| -- | ANNEX COLLECTION (Main Library) |
| -- | 0.00 |
| -- | 741904 |
| -- | CBU-MAIN LIBRARY (Kitwe) |
| -- | 1 |
| -- | 0.00 |
| -- | TH 435 CAR |
| -- | 1 |
| -- | AVAILABLE |
| -- | Jan 4, 2011 |
| -- | 741904 |
| -- | Annex Low-Usage Collection |
| 995 ## - | |
| -- | MAIN LIBRARY OPEN ACCESS |
| -- | 742852 |
| -- | CBU-MAIN LIBRARY (Kitwe) |
| -- | 0.00 |
| -- | TH 435 Car |
| -- | 2 |
| -- | AVAILABLE |
| -- | Jun 15, 2012 |
| -- | 742852 |
| -- | Main Library Open Access Collection |
| 995 ## - | |
| -- | REFERENCE BOOKS |
| -- | 0.00 |
| -- | 742878 |
| -- | CBU-MAIN LIBRARY (Kitwe) |
| -- | 1 |
| -- | 0.00 |
| -- | TH 435 Car |
| -- | 1 |
| -- | REFERENCE |
| -- | Apr 12, 2012 |
| -- | 742878 |
| -- | Reference Collection |
| 999 ## - | |
| -- | 79925 |
| -- | 79925 |
| Withdrawn status | Lost status | Source of classification or shelving scheme | Damaged status | Not for loan | Permanent Location | Current Location | Shelving location | Date acquired | Total Checkouts | Full call number | Barcode | Date last seen | Copy number | Price effective from | Koha item type |
|---|---|---|---|---|---|---|---|---|---|---|---|---|---|---|---|
| CBU-MAIN LIBRARY, KITWE. | CBU-MAIN LIBRARY, KITWE. | 06/29/2023 | TH 435 Car | 744520 | 06/29/2023 | 1 | 06/29/2023 | MONOGRAPH | |||||||
| CBU-MAIN LIBRARY, KITWE. | CBU-MAIN LIBRARY, KITWE. | 06/29/2023 | TH 435 Car | 741904 | 06/29/2023 | 2 | 06/29/2023 | MONOGRAPH | |||||||
| CBU-MAIN LIBRARY, KITWE. | CBU-MAIN LIBRARY, KITWE. | 06/29/2023 | TH 435 Car | 742852 | 06/29/2023 | 3 | 06/29/2023 | MONOGRAPH | |||||||
| CBU-MAIN LIBRARY, KITWE. | CBU-MAIN LIBRARY, KITWE. | 06/29/2023 | TH 435 Car | 742878 | 06/29/2023 | 4 | 06/29/2023 | REFERENCE COLLECTION |